000 01177nam a2200241Ia 4500
999 _c53138
_d53138
001 20177
003 GE_BSU
005 20250425104519.0
008 181216s2013||||ge |||||||||||||| ||geo||
010 _a9789941043437
040 _cGE_BSU
041 _ageo
080 _a347.727+123+347.152+17.021.1 მ-17
100 _aმაისურაძე, ნათელა
_99334
245 _aსამართლებრივი თავისუფლება და მისი ფილოსოფიურ-პოლიტიკური მენეჯმენტი :
_bთავისუფლად ვარირებადი, ინტეგრალური და ფილომენური სამართალი /
_cნათელა მაისურაძე.
264 _aთბილისი :
_bიურისტების სამყარო,
_c2013.
300 _a186 გვ. ;
_c20 სმ.
504 _aბიბლიოგრ. : გვ. 202-207
541 _h12ლ.
653 _aსამართალი
653 _aსამართლებრივი თავისუფლება
942 _cBK
_2udc